000 00360pab a2200157 454500
008 180718b1986 xxu||||| |||| 00| 0 eng d
100 _aSingh, R.P.
245 _aTraining of IES
260 _c1986
300 _ap.641-645.
362 _aJul-Sep
650 _aTraining
773 _aIndian Journal of Public Administration
908 _aN
909 _a88792
999 _c88792
_d88792